02077nam0a22002771 4500001001100000005001700011021001900028035002600047100004100073101000800114102000700122105001800129200024100147210005300388215003400441225048500475300018000960320005101140606014701191606017701338606011201515702011301627801001801740801002201758852001901780rc\495780620250613050056.0 aRUb[58-55867] a(NLR Aleph) 008956326 a20130426d1958 |||y0rusy50 ca0 arus aRU aab z |||||1 aРазведка и разработка полезных ископаемыхe[Сборник статейfРед. коллегия: проф. д-р геол.-минерал. наук В.Н. Дахнов (отв. ред.) и др.] aМоскваcГостоптехиздатd1958 a250 с.cил., карт.d271 aАкадемия наук СССР. Главное управление по использованию атомной энергии при Совете Министров СССР. Труды Всесоюзной научно-технической конференции по применению радиоактивных и стабильных изотопов и излучений в народном хозяйстве и науке. 4-12 апреля 1957 г. aНа переплете надзаголовок: Всесоюзная конференция по применению изотопов и ядерных излучений aБиблиогр. в конце статей aПолезные ископаемыеxПоиски и разведкаxРадиометрический методjСборники2psbo aМесторождения полезных ископаемыхxСистемы разработкиxРадиометрический методjСборники2psbo aРадиоактивные изотопыxПрименение в геологииjСборники2psbo 143407ca8rusaДахновbВ. Н.f1905-1984gВладимир Николаевич3RU\NLR\AUTH\770272376 0aRUbNLRgpsbo 1aRUbELAR2rusmarc aNLRj58-7/1956